Reciprocal Tariffs of the United States - Statistics

General Stats
  • This quiz has been taken 19 times
  • The average score is 102 of 182
Answer Stats
Answer Continent Tariff Rate % Correct
China Asia 34%
82%
Japan Asia 24%
82%
South Korea Asia 25%
82%
Australia Oceania 10%
76%
Brazil Americas 10%
76%
Egypt Africa 10%
76%
Lesotho Africa 50%
76%
New Zealand Oceania 10%
76%
Philippines Asia 17%
76%
United Kingdom Europe 10%
76%
Argentina Americas 10%
71%
Fiji Oceania 32%
71%
India Asia 26%
71%
Iran Asia 10%
71%
Israel Asia 17%
71%
Lebanon Asia 10%
71%
Myanmar Asia 44%
71%
Pakistan Asia 29%
71%
Panama Americas 10%
71%
Saint Lucia Americas 10%
71%
Saint Vincent and the Grenadines Americas 10%
71%
Saudi Arabia Asia 10%
71%
South Africa Africa 30%
71%
Switzerland Europe 31%
71%
Tonga Oceania 10%
71%
United Arab Emirates Asia 10%
71%
Venezuela Americas 15%
71%
Vietnam Asia 46%
71%
Afghanistan Asia 10%
65%
Albania Europe 10%
65%
Algeria Africa 30%
65%
Bahamas Americas 10%
65%
Bahrain Asia 10%
65%
Bhutan Asia 10%
65%
Brunei Asia 24%
65%
Cambodia Asia 49%
65%
Chile Americas 10%
65%
Colombia Americas 10%
65%
Costa Rica Americas 10%
65%
Dominica Americas 10%
65%
Dominican Republic Americas 10%
65%
Ethiopia Africa 10%
65%
French Guiana Americas 10%
65%
Ghana Africa 10%
65%
Iraq Asia 39%
65%
Jordan Asia 20%
65%
Kazakhstan Asia 27%
65%
Kenya Africa 10%
65%
Kuwait Asia 10%
65%
Laos Asia 48%
65%
Malawi Africa 17%
65%
Maldives Asia 10%
65%
Morocco Africa 10%
65%
Nepal Asia 10%
65%
Nicaragua Americas 18%
65%
Niger Africa 10%
65%
Nigeria Africa 14%
65%
Norway Europe 15%
65%
Paraguay Americas 10%
65%
Qatar Asia 10%
65%
Saint Kitts and Nevis Americas 10%
65%
Samoa Oceania 10%
65%
San Marino Europe 10%
65%
Senegal Africa 10%
65%
Sri Lanka Asia 44%
65%
Syria Asia 41%
65%
Thailand Asia 36%
65%
Timor-Leste Asia 10%
65%
Togo Africa 10%
65%
Tunisia Africa 28%
65%
Turkey Asia 10%
65%
Uruguay Americas 10%
65%
Yemen Asia 10%
65%
Andorra Europe 10%
59%
Antigua and Barbuda Americas 10%
59%
Azerbaijan Asia 10%
59%
Bangladesh Asia 37%
59%
Barbados Americas 10%
59%
Belize Americas 10%
59%
Benin Africa 10%
59%
Bosnia and Herzegovina Europe 35%
59%
Democratic Republic of the Congo Africa 11%
59%
Gabon Africa 10%
59%
Gambia Africa 10%
59%
Georgia Asia 10%
59%
Grenada Americas 10%
59%
Guatemala Americas 10%
59%
Haiti Americas 10%
59%
Honduras Americas 10%
59%
Iceland Europe 10%
59%
Indonesia Asia 32%
59%
Jamaica Americas 10%
59%
Kiribati Oceania 10%
59%
Libya Africa 31%
59%
Liechtenstein Europe 37%
59%
Madagascar Africa 47%
59%
Malaysia Asia 24%
59%
Mauritania Africa 10%
59%
Mauritius Africa 40%
59%
Oman Asia 10%
59%
Republic of the Congo Africa 10%
59%
Singapore Asia 10%
59%
Suriname Americas 10%
59%
Taiwan Asia 32%
59%
Trinidad and Tobago Americas 10%
59%
Turkmenistan Asia 10%
59%
Ukraine Europe 10%
59%
Bolivia Americas 10%
53%
Botswana Africa 37%
53%
Burundi Africa 10%
53%
Cape Verde Africa 10%
53%
Chad Africa 13%
53%
Comoros Africa 10%
53%
Cote d'Ivoire Africa 21%
53%
Ecuador Americas 10%
53%
El Salvador Americas 10%
53%
Equatorial guinea Africa 13%
53%
Federated States of Micronesia Oceania 10%
53%
Guyana Americas 38%
53%
Kosovo Europe 10%
53%
Kyrgyzstan Asia 10%
53%
Liberia Africa 10%
53%
Marshall Islands Oceania 10%
53%
Moldova Europe 31%
53%
Monaco Europe 10%
53%
Mongolia Asia 10%
53%
Montenegro Europe 10%
53%
Mozambique Africa 16%
53%
Namibia Africa 21%
53%
Nauru Oceania 30%
53%
North Macedonia Europe 33%
53%
Rwanda Africa 10%
53%
Serbia Europe 37%
53%
Solomon Islands Oceania 10%
53%
Sudan Africa 10%
53%
Tajikistan Asia 10%
53%
Tuvalu Oceania 10%
53%
Uganda Africa 10%
53%
Zambia Africa 17%
53%
Zimbabwe Africa 18%
53%
Angola Africa 32%
47%
Central African Republic Africa 10%
47%
Djibouti Africa 10%
47%
Eritrea Africa 10%
47%
Eswatini Africa 10%
47%
Guinea Africa 10%
47%
Guinea-Bissau Africa 10%
47%
Mali Africa 10%
47%
Papua New Guinea Oceania 10%
47%
Peru Americas 10%
47%
Sao Tome and Principe Africa 10%
47%
Sierra Leone Africa 10%
47%
South Sudan Africa 10%
47%
Uzbekistan Asia 10%
47%
Aruba Americas 10%
41%
Falkland Islands Americas 41%
41%
Tanzania Africa 10%
41%
Vanuatu Oceania 22%
41%
Cameroon Africa 11%
35%
Cook Islands Oceania 10%
35%
Curacao Americas 10%
35%
French Polynesia Oceania 10%
35%
Guadeloupe Americas 10%
35%
Martinique Americas 10%
35%
Reunion Africa 37%
35%
Sint Maarten Americas 10%
35%
Bermuda Americas 10%
29%
Heard Island and McDonald Islands Antarctica 10%
29%
Norfolk Island Oceania 29%
29%
Tokelau Oceania 10%
29%
British Virgin Islands Americas 10%
24%
Cayman Islands Americas 10%
24%
Christmas Island Asia 10%
24%
Gibraltar Europe 10%
24%
Mayotte Africa 10%
24%
Montserrat Americas 10%
24%
Saint Pierre et Miquelon Americas 50%
24%
Turks and Caicos Islands Americas 10%
24%
Cocos Islands Asia 10%
18%
Saint Helena Africa 10%
18%
British Indian Ocean Territory Asia 10%
12%
Svalbard and Jan Mayen Europe 10%
12%
No matching quizzes found
Score Distribution
Percent of People with Each Score
Percentile by Number Answered
Your Score History
You have not taken this quiz